00243nam a2200097 a 4500001000500000005001700005008004100022050002300063245002900086440003000115414020140414131943.0090218s19uu xx 00 eng d aTR 372.7bW57 2006 aWhich is bigger? Act. 1. aLearning math with Albert